000 01006cac a22003015a 4500
008 090426t2009 enka frb 001 0 eng d
020 _a0077122798
020 _a9780077122799
040 _aEG-ScBUE
_beng
_cEG-ScBUE
082 0 4 _a005.1068
_bHUG
_222
100 1 _aHughes, Bob.
245 1 0 _aSoftware project management /
_cBob Hughes and Mike Cotterell.
250 _a5th ed.
260 _aLondon :
_bMcGraw-Hill Higher Education,
_cc.2009.
300 _a392 p. :
_bill. ;
_c25 cm.
500 _aIndex : 379-392.
504 _aIncludes bibliographical references.
590 _aCatalogued by : Mostafa El-Helaly
600 _aBob Hughes and Mike Cotterell.
_94318
650 _aSoftware Engineering.
_94319
_2BUEsh
650 _aComputer software
_911535
_xDevelopment.
_2BUEsh
650 _aComputer software
_911291
_xManagement.
_2BUEsh
651 _2BUEsh
653 _cAugust2015
_bCOMSCI
655 _vText book
_933728
700 1 _aCotterell, Mike
_912205
942 _cBB
_k005.1HUG
_2ddc
999 _c13577
_d13577